[Event "EU-Cup 37th"]
[Site "Mayrhofen"]
[Date "2022.10.05"]
[Round "3.5"]
[White "Lagerman, Robert"]
[Black "Vogt, Lothar"]
[Result "1/2-1/2"]
[WhiteElo "2305"]
[BlackElo "2331"]
[PlyCount "50"]
[EventDate "2022.10.03"]
[EventType "team-swiss"]
[EventRounds "7"]
[EventCountry "AUT"]
[SourceTitle "CBM 210 Extra"]
[Source "ChessBase"]
[SourceDate "2022.11.30"]
[SourceVersion "1"]
[SourceVersionDate "2022.11.30"]
[SourceQuality "1"]
[WhiteTeam "Fjolnir"]
[BlackTeam "Zuerich SG"]
[WhiteTeamCountry "ISL"]
[BlackTeamCountry "SUI"]

1. e4 c5 2. Nf3 d6 3. Bb5+ Bd7 4. Bxd7+ Qxd7 5. 0-0 Nc6 6. Re1 Nf6 7. c3 e6 8. d4 cxd4 9. cxd4 d5 10. e5 Ne4 11. Nbd2 Nxd2 12. Bxd2 Be7 13. Rc1 0-0 14. Qb3 Rfc8 15. Rc2 a6 16. Rec1 Na7 17. Bb4 Bxb4 18. Qxb4 Rxc2 19. Rxc2 Rc8 20. Rxc8+ Qxc8 21. h3 Qc1+ 22. Kh2 Qf4+ 23. Kg1 Qc1+ 24. Kh2 Qf4+ 25. Kg1 Qc1+ 1/2-1/2

[Event "Reykjavik Blitz op"]
[Site "Reykjavik"]
[Date "2022.01.29"]
[Round "11"]
[White "Gunnarsson, Arnar"]
[Black "Lagerman, Robert"]
[Result "0-1"]
[WhiteElo "2412"]
[BlackElo "2290"]
[PlyCount "108"]
[EventDate "2022.01.29"]
[EventType "swiss (blitz)"]
[EventRounds "11"]
[EventCountry "ISL"]
[SourceTitle "CBM 206 Extra"]
[Source "ChessBase"]
[SourceDate "2022.03.31"]
[SourceVersion "1"]
[SourceVersionDate "2022.03.31"]
[SourceQuality "1"]

1. c4 c5 2. g3 Nc6 3. Bg2 g6 4. h4 Nf6 5. Nh3 Bg7 6. Nf4 h5 7. Nc3 d6 8. d3 0-0 9. 0-0 e5 10. Nfd5 Nxd5 11. cxd5 Ne7 12. e4 Bg4 13. f3 Bd7 14. f4 exf4 15. Bxf4 Bg4 16. Qd2 Qd7 17. a4 a6 18. a5 Rae8 19. Na4 Nc8 20. Rac1 Qxa4 21. Kh2 Qd7 22. b4 cxb4 23. Qxb4 f5 24. Rc4 fxe4 25. dxe4 Be5 26. Qb3 Na7 27. Bxe5 dxe5 28. Qb6 Nc8 29. Qxg6+ Qg7 30. Qxg7+ Kxg7 31. Rc7+ Re7 32. Rxe7+ Nxe7 33. Rb1 Bc8 34. d6 Nc6 35. d7 Bxd7 36. Rxb7 Rf7 37. Rb6 Nxa5 38. Rxa6 Nc4 39. Ra2 Ne3 40. Bh3 Bxh3 41. Kxh3 Rf1 42. Ra7+ Kg6 43. Kh2 Rf2+ 44. Kh3 Rf6 45. Ra5 Ng4 46. Kg2 Rc6 47. Ra2 Kf6 48. Rb2 Ke6 49. Rd2 Rc4 50. Kf3 Rc3+ 51. Kg2 Re3 52. Ra2 Rxe4 53. Ra6+ Kf5 54. Ra8 Re2+ 0-1

[Event "Reykjavik Blitz op"]
[Site "Reykjavik"]
[Date "2022.01.29"]
[Round "5"]
[White "Heidarsson, Mikael Bjarki"]
[Black "Lagerman, Robert"]
[Result "0-1"]
[WhiteElo "1535"]
[BlackElo "2290"]
[PlyCount "73"]
[EventDate "2022.01.29"]
[EventType "swiss (blitz)"]
[EventRounds "11"]
[EventCountry "ISL"]
[SourceTitle "CBM 206 Extra"]
[Source "ChessBase"]
[SourceDate "2022.03.31"]
[SourceVersion "1"]
[SourceVersionDate "2022.03.31"]
[SourceQuality "1"]

1. d4 Nf6 2. c4 c5 3. d5 b5 4. cxb5 a6 5. bxa6 Bxa6 6. Nc3 g6 7. e4 Bxf1 8. Kxf1 d6 9. g3 Bg7 10. Kg2 0-0 11. Nf3 Nbd7 12. Qc2 Qa5 13. a4 Rfb8 14. Rb1 Ng4 15. Re1 Nge5 16. Nxe5 Nxe5 17. b3 c4 18. Bd2 Nd3 19. Re2 Nb4 20. Qd1 Qc5 21. Be3 Qc8 22. Bd4 Bxd4 23. Qxd4 cxb3 24. Rxb3 Na6 25. Rxb8 Rxb8 26. Nb5 f6 27. Qa7 Kf8 28. Re3 Nc5 29. Nc7 Rb7 30. Ne6+ Nxe6 31. Qa6 Nc5 32. Qc4 Ra7 33. e5 fxe5 34. Rf3+ Kg8 35. Qh4 Qe8 36. Ra3 Rxa4 37. Rxa4 0-1

[Event "Reykjavik Blitz op"]
[Site "Reykjavik"]
[Date "2022.01.29"]
[Round "4"]
[White "Lagerman, Robert"]
[Black "Andersen, Mads"]
[Result "0-1"]
[WhiteElo "2290"]
[BlackElo "2570"]
[PlyCount "38"]
[EventDate "2022.01.29"]
[EventType "swiss (blitz)"]
[EventRounds "11"]
[EventCountry "ISL"]
[SourceTitle "CBM 206 Extra"]
[Source "ChessBase"]
[SourceDate "2022.03.31"]
[SourceVersion "1"]
[SourceVersionDate "2022.03.31"]
[SourceQuality "1"]

1. e4 e5 2. Nf3 Nc6 3. d4 exd4 4. Bc4 Nf6 5. e5 Ne4 6. 0-0 Be7 7. c3 d5 8. Bb5 dxc3 9. Nxc3 Nxc3 10. bxc3 0-0 11. Re1 Be6 12. Rb1 a6 13. Bd3 b5 14. a4 b4 15. cxb4 Nxb4 16. Nd4 Nxd3 17. Qxd3 Qd7 18. f4 c5 19. Nf3 Bf5 0-1

[Event "EU-Cup 36th"]
[Site "Struga"]
[Date "2021.09.22"]
[Round "5.6"]
[White "Lagerman, Robert"]
[Black "Sychev, Klementy"]
[Result "1/2-1/2"]
[WhiteElo "2300"]
[BlackElo "2556"]
[PlyCount "145"]
[EventDate "2021.09.18"]
[EventType "team-swiss"]
[EventRounds "7"]
[EventCountry "MKD"]
[SourceTitle "CBM 204 Extra"]
[Source "ChessBase"]
[SourceDate "2021.11.30"]
[SourceVersion "1"]
[SourceVersionDate "2021.11.30"]
[SourceQuality "1"]
[WhiteTeam "Selfoss Skakfelag"]
[BlackTeam "KPRF"]
[WhiteTeamCountry "ISL"]
[BlackTeamCountry "RUS"]

1. e4 e5 2. Nf3 Nc6 3. d4 exd4 4. Bc4 Bb4+ 5. c3 dxc3 6. 0-0 Nf6 7. e5 d5 8. Bb5 Ne4 9. Qa4 0-0 10. Bxc6 Bc5 11. Bb5 c6 12. Bd3 Nxf2 13. Rxf2 Bxf2+ 14. Kxf2 Qb6+ 15. Qd4 cxb2 16. Bxb2 c5 17. Qc3 c4+ 18. Qd4 cxd3 19. Qxb6 axb6 20. Bd4 Bf5 21. Nc3 Rfc8 22. Ke3 Be4 23. Nxe4 dxe4 24. Kxe4 Rc2 25. Kxd3 Raxa2 26. Rb1 Rxg2 27. Rxb6 Ra3+ 28. Bc3 Rf2 29. Nd4 Rxh2 30. Nb5 Rh3+ 31. Kc4 Ra4+ 32. Kb3 Re4 33. Rxb7 h5 34. Nd6 Rxe5 35. Kb4 Rh4+ 36. Kb3 Rh3 37. Kb4 Rg5 38. Rb8+ Kh7 39. Nxf7 Rf5 40. Rh8+ Kg6 41. Ne5+ Kg5 42. Rg8 Rxc3 43. Kxc3 Rxe5 44. Rxg7+ Kf6 45. Kd4 Re8 46. Rg2 Kf5 47. Kd3 Kf4 48. Rf2+ Kg3 49. Rf7 h4 50. Rg7+ Kf2 51. Rf7+ Kg2 52. Rg7+ Kf3 53. Rf7+ Kg4 54. Rg7+ Kf4 55. Rf7+ Kg5 56. Rg7+ Kh6 57. Rg4 Kh5 58. Rg7 h3 59. Rh7+ Kg4 60. Rg7+ Kf3 61. Rf7+ Kg2 62. Rg7+ Kf2 63. Rf7+ Ke1 64. Rh7 Ra8 65. Re7+ Kd1 66. Ke3 Rh8 67. Kf2 h2 68. Re1+ Kd2 69. Rh1 Rh7 70. Kg2 Ke2 71. Rxh2 Rg7+ 72. Kh1+ Kf1 73. Rh8 1/2-1/2

[Event "ISL-ch Blitz"]
[Site "Tornelo INT"]
[Date "2020.12.12"]
[Round "12"]
[White "Lagerman, Robert"]
[Black "Gislason, Gudmundur"]
[Result "1-0"]
[WhiteElo "2298"]
[BlackElo "2308"]
[PlyCount "97"]
[EventDate "2020.12.12"]
[EventType "tourn (blitz)"]
[EventRounds "15"]
[EventCountry "ISL"]
[EventCategory "5"]
[SourceTitle "CBM 199 Extra"]
[Source "ChessBase"]
[SourceDate "2021.01.31"]
[SourceVersion "1"]
[SourceVersionDate "2021.01.31"]
[SourceQuality "1"]

1. e4 c5 2. Nf3 Nf6 3. e5 Nd5 4. d4 cxd4 5. Qxd4 e6 6. Bd3 Nc6 7. Qg4 f5 8. exf6 Nxf6 9. Qg3 Nb4 10. 0-0 Nxd3 11. cxd3 Qa5 12. Nc3 a6 13. Ne4 Qf5 14. Nd6+ Bxd6 15. Qxd6 Qd5 16. Qa3 h6 17. Re1 d6 18. Bf4 Kd7 19. Rac1 b5 20. Qc3 Ra7 21. Be3 Rb7 22. b4 Ke7 23. Nd2 Bd7 24. Ne4 Rc8 25. Qb2 Kf7 26. Rxc8 Bxc8 27. Nxf6 gxf6 28. Bxh6 Rc7 29. Qe2 Bb7 30. Qg4 Ke8 31. Qxe6+ Qxe6 32. Rxe6+ Kf7 33. Re2 Rc3 34. h4 Rxd3 35. Be3 Bd5 36. Kh2 Bc4 37. Rb2 d5 38. h5 d4 39. Bf4 Rd1 40. Rd2 Rxd2 41. Bxd2 Bxa2 42. g4 Bc4 43. f4 Be2 44. Kg3 Kg7 45. Kh4 Kh7 46. g5 fxg5+ 47. fxg5 d3 48. g6+ Kg7 49. Kg5 1-0

[Event "ISL-ch Blitz"]
[Site "Tornelo INT"]
[Date "2020.12.12"]
[Round "4"]
[White "Lagerman, Robert"]
[Black "Gretarsson, Helgi Ass"]
[Result "0-1"]
[WhiteElo "2298"]
[BlackElo "2440"]
[PlyCount "48"]
[EventDate "2020.12.12"]
[EventType "tourn (blitz)"]
[EventRounds "15"]
[EventCountry "ISL"]
[EventCategory "5"]
[SourceTitle "CBM 199 Extra"]
[Source "ChessBase"]
[SourceDate "2021.01.31"]
[SourceVersion "1"]
[SourceVersionDate "2021.01.31"]
[SourceQuality "1"]

1. e4 g6 2. d4 Bg7 3. Nc3 d6 4. Be2 Nf6 5. g4 c5 6. g5 Nfd7 7. Be3 Nc6 8. Nf3 a6 9. Qd2 cxd4 10. Nxd4 Nde5 11. 0-0-0 Ng4 12. Bxg4 Bxg4 13. f3 Bh3 14. Rhg1 Rc8 15. Rg3 Bd7 16. h4 Ne5 17. h5 gxh5 18. Kb1 Nc4 19. Qd3 Qb6 20. b3 Nxe3 21. Qxe3 Qc5 22. Qd3 Bxd4 23. Qxd4 Qxc3 24. Qd5 Qxc2+ 0-1

[Event "ISL-ch Blitz"]
[Site "Tornelo INT"]
[Date "2020.12.12"]
[Round "5"]
[White "Thorgeirsson, Jon Kristinn"]
[Black "Lagerman, Robert"]
[Result "1-0"]
[WhiteElo "2255"]
[BlackElo "2298"]
[PlyCount "75"]
[EventDate "2020.12.12"]
[EventType "tourn (blitz)"]
[EventRounds "15"]
[EventCountry "ISL"]
[EventCategory "5"]
[SourceTitle "CBM 199 Extra"]
[Source "ChessBase"]
[SourceDate "2021.01.31"]
[SourceVersion "1"]
[SourceVersionDate "2021.01.31"]
[SourceQuality "1"]

1. e4 e5 2. Nf3 Nc6 3. c3 d5 4. Qa4 dxe4 5. Nxe5 Qd5 6. Nxc6 bxc6 7. Bc4 Qd6 8. d4 Ne7 9. Nd2 f5 10. b3 Nd5 11. Bxd5 Qxd5 12. Nc4 Bd6 13. Ba3 0-0 14. Ne3 Qf7 15. Bxd6 cxd6 16. Qxc6 Bd7 17. Qxd6 f4 18. Nc4 f3 19. g3 Bh3 20. 0-0-0 a5 21. Ne5 Qb7 22. Qc6 Qa7 23. Qxe4 a4 24. Qd5+ Kh8 25. b4 a3 26. Rhe1 Bf5 27. Re3 Qa4 28. Nd3 Rac8 29. Kd2 Rcd8 30. Qc5 Rc8 31. Qa5 Qc6 32. b5 Qc4 33. Qb4 Qxa2+ 34. Ke1 Bxd3 35. Rdxd3 Qf7 36. Rxf3 Qe8+ 37. Rde3 Qd7 38. Rxf8+ 1-0

[Event "EU-ch Online U2300 Qual"]
[Site "Chess.com INT"]
[Date "2020.05.25"]
[Round "3"]
[White "Suleymanli, Aydin Elshan"]
[Black "Lagerman, Robert"]
[Result "1-0"]
[WhiteElo "2512"]
[BlackElo "2298"]
[PlyCount "61"]
[EventDate "2020.05.25"]
[EventType "swiss"]
[EventRounds "8"]
[EventCountry "NET"]
[SourceTitle "EXT 2021"]
[Source "ChessBase"]
[SourceDate "2020.10.23"]
[SourceVersion "1"]
[SourceVersionDate "2020.10.23"]
[SourceQuality "1"]

1. d4 Nf6 2. c4 c5 3. d5 b5 4. cxb5 a6 5. b6 d6 6. Nc3 g6 7. a4 a5 8. e4 Qxb6 9. Bb5+ Bd7 10. Nf3 Bg7 11. Nd2 Na6 12. Nc4 Qd8 13. Bg5 0-0 14. Qd2 Nb4 15. 0-0 Ne8 16. Bh4 Bf6 17. Bg3 Nc7 18. Bxd7 Qxd7 19. Nb6 Qd8 20. Nxa8 Qxa8 21. Rfe1 Rd8 22. h4 Bg7 23. h5 Qb7 24. Bh4 Re8 25. Rad1 Qc8 26. h6 Be5 27. f4 Bd4+ 28. Bf2 Bxf2+ 29. Qxf2 Qg4 30. e5 dxe5 31. fxe5 1-0

[Event "Titled Tuesday intern op 28th Apr"]
[Site "Chess.com INT"]
[Date "2020.04.28"]
[Round "5"]
[White "Maiorov, Nikita"]
[Black "Lagerman, Robert"]
[Result "1-0"]
[WhiteElo "2495"]
[BlackElo "2298"]
[PlyCount "71"]
[EventDate "2020.04.28"]
[EventType "swiss (blitz)"]
[EventRounds "10"]
[EventCountry "USA"]
[SourceTitle "EXT 2021"]
[Source "ChessBase"]
[SourceDate "2020.10.23"]
[SourceVersion "1"]
[SourceVersionDate "2020.10.23"]
[SourceQuality "1"]

1. d4 Nf6 2. c4 c5 3. d5 b5 4. cxb5 a6 5. bxa6 Bxa6 6. Nc3 g6 7. g3 d6 8. Bg2 Bg7 9. Nf3 Nfd7 10. 0-0 Qa5 11. Qc2 Nb6 12. Nd2 0-0 13. h3 Nc4 14. Nxc4 Bxc4 15. Bd2 Qa6 16. Rfe1 Qb7 17. b3 Ba6 18. Rab1 Nd7 19. Ne4 Rfc8 20. a4 Nf6 21. Nc3 Rab8 22. e4 Nd7 23. f4 Bd4+ 24. Kh2 Qc7 25. Na2 Qb7 26. Bc3 Bxc3 27. Qxc3 Qb6 28. e5 Nf8 29. e6 f6 30. Qe3 Qa5 31. Rb2 Rb7 32. Reb1 Rcb8 33. f5 c4 34. b4 Qxa4 35. Nc3 Qd7 36. exd7 1-0

[Event "ISL-chT1 1920"]
[Site "Reykjavik"]
[Date "2019.10.05"]
[Round "4.2"]
[White "Lagerman, Robert"]
[Black "Thorfinnsson, Bjorn"]
[Result "1/2-1/2"]
[WhiteElo "2296"]
[BlackElo "2395"]
[PlyCount "78"]
[EventDate "2019.10.03"]
[EventType "team-tourn"]
[EventRounds "9"]
[EventCountry "ISL"]
[SourceTitle "CBM 195 Extra"]
[Source "ChessBase"]
[SourceDate "2020.05.31"]
[SourceVersion "1"]
[SourceVersionDate "2020.05.31"]
[SourceQuality "1"]
[WhiteTeam "Skakfelag Selfoss"]
[BlackTeam "Vikingaklubburinn"]
[WhiteTeamCountry "ISL"]
[BlackTeamCountry "ISL"]

1. e4 e5 2. Nf3 Nc6 3. d4 exd4 4. Nxd4 Bc5 5. Nxc6 Qf6 6. Qd2 dxc6 7. Bd3 Be6 8. 0-0 0-0-0 9. Qg5 Bd4 10. Nc3 h6 11. Qxf6 Nxf6 12. Ne2 Bb6 13. b3 Bg4 14. Nc3 Nd7 15. h3 Be6 16. Na4 Bd4 17. Bb2 Ne5 18. Bxd4 Rxd4 19. Nb2 f5 20. Rfe1 Rhd8 21. f4 Nxd3 22. cxd3 fxe4 23. dxe4 Rd2 24. Nd1 c5 25. f5 Bf7 26. e5 Bd5 27. Ne3 Be4 28. g4 R8d3 29. Rac1 Rxa2 30. Rxc5 Rdd2 31. Rc4 Bc6 32. f6 gxf6 33. exf6 Kd7 34. Rxc6 Kxc6 35. Nf5 Rg2+ 36. Kh1 Rh2+ 37. Kg1 Rag2+ 38. Kf1 Rf2+ 39. Kg1 Rhg2+ 1/2-1/2

[Event "ISL-chT1 1920"]
[Site "Reykjavik"]
[Date "2019.10.04"]
[Round "2.1"]
[White "Lagerman, Robert"]
[Black "Bjornsson, Tomas"]
[Result "1/2-1/2"]
[WhiteElo "2296"]
[BlackElo "2154"]
[PlyCount "27"]
[EventDate "2019.10.03"]
[EventType "team-tourn"]
[EventRounds "9"]
[EventCountry "ISL"]
[SourceTitle "CBM 195 Extra"]
[Source "ChessBase"]
[SourceDate "2020.05.31"]
[SourceVersion "1"]
[SourceVersionDate "2020.05.31"]
[SourceQuality "1"]
[WhiteTeam "Skakfelag Selfoss"]
[BlackTeam "Skakdeild Fjolnis"]
[WhiteTeamCountry "ISL"]
[BlackTeamCountry "ISL"]

1. e4 d5 2. exd5 Qxd5 3. Nc3 Qd8 4. d4 Nf6 5. Nf3 Bg4 6. Be2 Nbd7 7. h3 Bh5 8. Ne5 Bxe2 9. Qxe2 e6 10. 0-0 Be7 11. Ne4 0-0 12. Nxd7 Qxd7 13. Nxf6+ Bxf6 14. Be3 1/2-1/2

[Event "ISL-chT2 1617"]
[Site "Reykjavik"]
[Date "2017.03.04"]
[Round "7.4"]
[White "Lagerman, Robert"]
[Black "Kristjansson, Olafur"]
[Result "1-0"]
[WhiteElo "2312"]
[BlackElo "2100"]
[PlyCount "93"]
[EventDate "2016.09.30"]
[EventType "team-tourn"]
[EventRounds "7"]
[EventCountry "ISL"]
[SourceTitle "EXT 2018"]
[Source "ChessBase"]
[SourceDate "2017.10.13"]
[SourceVersion "1"]
[SourceVersionDate "2017.10.13"]
[SourceQuality "1"]
[WhiteTeam "Vinaskakfelagid"]
[BlackTeam "Akureyri II"]
[WhiteTeamCountry "ISL"]
[BlackTeamCountry "ISL"]

1. e4 c5 2. Nf3 Nc6 3. d4 cxd4 4. Nxd4 g6 5. c4 Nf6 6. Nc3 d6 7. Be2 Nxd4 8. Qxd4 Bg7 9. 0-0 0-0 10. Bg5 Be6 11. Qd2 Qa5 12. Rac1 Rfc8 13. b3 a6 14. Bf3 Rab8 15. a4 Kf8 16. Rfd1 Kg8 17. h3 Qd8 18. Qe3 Qf8 19. Be2 Nd7 20. Nd5 f6 21. Bf4 Ne5 22. Bg3 Bh6 23. f4 Nc6 24. Rb1 Bf7 25. Bg4 Rd8 26. Qe2 Bg7 27. Bf2 e6 28. Nb6 Qe7 29. b4 Qc7 30. b5 Ne7 31. Rdc1 Nc8 32. a5 axb5 33. cxb5 Qe7 34. Bf3 Nxb6 35. Bxb6 Rdc8 36. Qd3 f5 37. Bd4 fxe4 38. Bxe4 Bxd4+ 39. Qxd4 d5 40. Bd3 Qa3 41. Rxc8+ Rxc8 42. a6 b6 43. Ra1 Rc1+ 44. Rxc1 Qxc1+ 45. Kh2 Qc7 46. Qe5 Qa7 47. Qd6 1-0

[Event "ISL-chT2 1617"]
[Site "Reykjavik"]
[Date "2017.03.03"]
[Round "5.4"]
[White "Larusson, Petur Atli"]
[Black "Lagerman, Robert"]
[Result "0-1"]
[WhiteElo "2013"]
[BlackElo "2312"]
[PlyCount "46"]
[EventDate "2016.09.30"]
[EventType "team-tourn"]
[EventRounds "7"]
[EventCountry "ISL"]
[SourceTitle "EXT 2018"]
[Source "ChessBase"]
[SourceDate "2017.10.13"]
[SourceVersion "1"]
[SourceVersionDate "2017.10.13"]
[SourceQuality "1"]
[WhiteTeam "Island"]
[BlackTeam "Vinaskakfelagid"]
[WhiteTeamCountry "ISL"]
[BlackTeamCountry "ISL"]

1. e4 e5 2. Nf3 Nc6 3. Bb5 a6 4. Ba4 Nf6 5. 0-0 Nxe4 6. d4 b5 7. Bb3 d5 8. dxe5 Be6 9. c3 Bc5 10. Nbd2 0-0 11. Bc2 Nxf2 12. Rxf2 f6 13. exf6 Bxf2+ 14. Kxf2 Qxf6 15. Kg1 Rae8 16. Nb3 Ne5 17. Nbd4 Bg4 18. Bd2 c5 19. Bb3 cxd4 20. Bxd5+ Kh8 21. cxd4 Nxf3+ 22. Bxf3 Bxf3 23. gxf3 Qxd4+ 0-1

[Event "ISL-chT2 1617"]
[Site "Reykjavik"]
[Date "2016.10.02"]
[Round "4.2"]
[White "Lagerman, Robert"]
[Black "Mai, Aron Thor"]
[Result "1/2-1/2"]
[WhiteElo "2312"]
[BlackElo "1845"]
[PlyCount "66"]
[EventDate "2016.09.30"]
[EventType "team-tourn"]
[EventRounds "7"]
[EventCountry "ISL"]
[SourceTitle "EXT 2018"]
[Source "ChessBase"]
[SourceDate "2017.10.13"]
[SourceVersion "1"]
[SourceVersionDate "2017.10.13"]
[SourceQuality "1"]
[WhiteTeam "Vinaskakfelagid"]
[BlackTeam "Reykjavik III"]
[WhiteTeamCountry "ISL"]
[BlackTeamCountry "ISL"]

1. e4 Nc6 2. d4 e5 3. Nf3 exd4 4. Bc4 Nf6 5. e5 d5 6. Bb5 Ne4 7. Nxd4 Bd7 8. Bxc6 bxc6 9. 0-0 Bc5 10. f3 Ng5 11. f4 Ne4 12. Nc3 Nxc3 13. bxc3 0-0 14. Be3 Bb6 15. Qd2 Re8 16. Bf2 c5 17. Nb3 c4 18. Nc5 Bxc5 19. Bxc5 Bf5 20. Rf2 h5 21. Rd1 c6 22. Qd4 Qa5 23. a3 Rab8 24. Bd6 Rb2 25. Re1 Rb5 26. h3 h4 27. Kh2 Qb6 28. g4 hxg3+ 29. Kxg3 Re6 30. Kh2 Qxd4 31. cxd4 Rh6 32. Rf3 Be4 33. Rf2 Bf5 1/2-1/2

[Event "ISL-chT2 1617"]
[Site "Reykjavik"]
[Date "2016.10.01"]
[Round "2.3"]
[White "Lagerman, Robert"]
[Black "Pantzar, Milton"]
[Result "1-0"]
[WhiteElo "2312"]
[BlackElo "2077"]
[PlyCount "79"]
[EventDate "2016.09.30"]
[EventType "team-tourn"]
[EventRounds "7"]
[EventCountry "ISL"]
[SourceTitle "EXT 2018"]
[Source "ChessBase"]
[SourceDate "2017.10.13"]
[SourceVersion "1"]
[SourceVersionDate "2017.10.13"]
[SourceQuality "1"]
[WhiteTeam "Vinaskakfelagid"]
[BlackTeam "Gardabaer"]
[WhiteTeamCountry "ISL"]
[BlackTeamCountry "ISL"]

1. e4 e6 2. d4 d5 3. Nd2 Nf6 4. e5 Nfd7 5. c3 c5 6. Bd3 Nc6 7. Ne2 cxd4 8. cxd4 f6 9. exf6 Nxf6 10. Nf3 Bd6 11. 0-0 Qc7 12. a3 0-0 13. Qc2 e5 14. Nxe5 Nxe5 15. Qxc7 Bxc7 16. dxe5 Bxe5 17. f4 Bd6 18. Be3 Re8 19. Bd4 Bf5 20. Bxf5 Rxe2 21. Rad1 Bc7 22. Rfe1 Rae8 23. Rxe2 Rxe2 24. Bd3 Re6 25. f5 Re7 26. Bxa7 b6 27. Rc1 Kf7 28. g3 Ke8 29. Rc6 Ng4 30. Bxb6 Bxb6+ 31. Rxb6 Re1+ 32. Kg2 Rd1 33. Be2 Rd2 34. Kf3 Nxh2+ 35. Ke3 Rc2 36. Rb7 Kd8 37. Kd3 Kc8 38. Kxc2 Kxb7 39. Kd3 Kc6 40. Kd4 1-0

[Event "ISL-chT2 1415"]
[Site "Reykjavik"]
[Date "2014.10.05"]
[Round "4"]
[White "Lagerman, Robert"]
[Black "Haraldsson, Haraldur"]
[Result "1-0"]
[WhiteElo "2305"]
[BlackElo "1984"]
[PlyCount "53"]
[EventDate "2014.10.03"]
[EventType "team-tourn"]
[EventRounds "7"]
[EventCountry "ISL"]
[SourceTitle "EXT 2016"]
[Source "ChessBase"]
[SourceDate "2015.10.08"]
[SourceVersion "1"]
[SourceVersionDate "2015.10.08"]
[SourceQuality "1"]
[WhiteTeam "Vinaskakfelagid"]
[BlackTeam "Akureyri II"]
[WhiteTeamCountry "ISL"]
[BlackTeamCountry "ISL"]

1. e4 c5 2. Be2 e6 3. d3 Nc6 4. f4 Nf6 5. Nf3 Be7 6. 0-0 0-0 7. Qe1 d5 8. Nbd2 b5 9. e5 Ne8 10. c3 Qb6 11. Kh1 f5 12. exf6 Bxf6 13. Qg3 Nd6 14. Ne5 Nf5 15. Qh3 Nxe5 16. fxe5 Bxe5 17. g4 Nd6 18. Rxf8+ Kxf8 19. Nf3 Nf7 20. Nxe5 Nxe5 21. Qxh7 Nf7 22. Bd2 Bb7 23. Rf1 d4+ 24. Kg1 c4 25. Qh8+ Ke7 26. Qxg7 dxc3+ 27. d4 1-0

[Event "ISL-chT 1314"]
[Site "Reykjavik"]
[Date "2013.10.13"]
[Round "5.1"]
[White "Lagerman, Robert"]
[Black "Aabling Thomsen, Jakob"]
[Result "1-0"]
[WhiteElo "2305"]
[BlackElo "2375"]
[PlyCount "129"]
[EventDate "2013.10.10"]
[EventType "team-tourn"]
[EventRounds "9"]
[EventCountry "ISL"]
[SourceTitle "EXT 2014"]
[Source "ChessBase"]
[SourceDate "2013.11.20"]
[SourceVersion "1"]
[SourceVersionDate "2013.11.20"]
[SourceQuality "1"]
[WhiteTeam "Vinaskakfelagid"]
[BlackTeam "Akureyri"]
[WhiteTeamCountry "ISL"]
[BlackTeamCountry "ISL"]

1. e4 d6 2. d4 Nf6 3. Nc3 g6 4. Nf3 Bg7 5. Be2 0-0 6. h3 c5 7. 0-0 cxd4 8. Nxd4 Nc6 9. Be3 Bd7 10. Qd2 Nxd4 11. Bxd4 Bc6 12. Bf3 Rc8 13. Rad1 Qc7 14. Rfe1 Rfe8 15. Qe3 b5 16. e5 dxe5 17. Bxe5 Qb7 18. Bxc6 Rxc6 19. Qf3 b4 20. Bxf6 Bxf6 21. Nd5 Rec8 22. Nxf6+ exf6 23. Rd6 Qc7 24. Rxc6 Qxc6 25. Qxc6 Rxc6 26. Re2 f5 27. Kf1 Kg7 28. Rd2 g5 29. Ke2 Rc5 30. Kd1 a5 31. Rd4 Kg6 32. Kd2 f4 33. c3 bxc3+ 34. bxc3 Kh5 35. c4 Kh4 36. Kd3 Re5 37. Re4 Rc5 38. Kd4 Rc7 39. c5 f5 40. Re6 h5 41. c6 f3 42. gxf3 Kxh3 43. Ke5 Kg2 44. Rh6 h4 45. f4 g4 46. Kd6 Rc8 47. Rxh4 Kxf2 48. Rh5 Rf8 49. c7 g3 50. Ke7 Rc8 51. Kd7 g2 52. Rg5 Rxc7+ 53. Kxc7 g1Q 54. Rxg1 Kxg1 55. Kd6 Kf2 56. Ke5 a4 57. Kxf5 Ke3 58. Ke5 Kd3 59. f5 Kc3 60. f6 a3 61. f7 Kb2 62. f8Q Kxa2 63. Kd4 Kb3 64. Qf3+ Kb2 65. Qc3+ 1-0

[Event "ISL-chT 1314"]
[Site "Reykjavik"]
[Date "2013.10.12"]
[Round "3.2"]
[White "Lagerman, Robert"]
[Black "Gajewski, Grzegorz"]
[Result "0-1"]
[WhiteElo "2305"]
[BlackElo "2637"]
[PlyCount "120"]
[EventDate "2013.10.10"]
[EventType "team-tourn"]
[EventRounds "9"]
[EventCountry "ISL"]
[SourceTitle "EXT 2014"]
[Source "ChessBase"]
[SourceDate "2013.11.20"]
[SourceVersion "1"]
[SourceVersionDate "2013.11.20"]
[SourceQuality "1"]
[WhiteTeam "Vinaskakfelagid"]
[BlackTeam "Vikingaklubburinn"]
[WhiteTeamCountry "ISL"]
[BlackTeamCountry "ISL"]

1. e4 c5 2. d3 Nc6 3. f4 d5 4. Be2 dxe4 5. dxe4 Qxd1+ 6. Bxd1 b6 7. Nf3 Bb7 8. 0-0 0-0-0 9. c3 e6 10. Nbd2 Nf6 11. Re1 h6 12. Bc2 Be7 13. Nc4 Nd7 14. a4 Ba6 15. Bb3 Kb7 16. Be3 Nf6 17. Nce5 Nxe5 18. Nxe5 Rhf8 19. f5 Nxe4 20. fxe6 fxe6 21. Ng6 Rfe8 22. Nxe7 Rxe7 23. Bxh6 gxh6 24. Rxe4 Rd2 25. Rxe6 Red7 26. Ree1 Kc7 27. Rad1 Rxb2 28. Rxd7+ Kxd7 29. Be6+ Kd6 30. Bg4 Bc4 31. Bf3 Ra2 32. Re8 Rxa4 33. Rh8 Ra3 34. Rxh6+ Ke5 35. h4 Rxc3 36. h5 Bd3 37. Rh8 b5 38. h6 Kf6 39. Rd8 b4 40. Rd7 b3 41. h7 Bxh7 42. Rxh7 Rxf3 43. gxf3 c4 44. Rb7 a5 45. Kf2 a4 46. Rb4 a3 47. Rxc4 b2 48. Rb4 Ke5 49. Rb3 Kd4 50. Kg2 a2 51. Rxb2 a1Q 52. Rb4+ Kd3 53. Re4 Qc1 54. Re8 Qg5+ 55. Kf2 Qc5+ 56. Kg2 Qb6 57. Re4 Kd2 58. Rg4 Qb2 59. Kf2 Kd1+ 60. Kg3 Qc2 0-1